| 000 | 00547cam a22002291 4500 | ||
|---|---|---|---|
| 001 | sa 67005974 | ||
| 003 | DLC | ||
| 005 | 20260227112402.0 | ||
| 008 | 890519s1966 ii 000 1 hino | ||
| 010 | _asa 67005974 | ||
| 035 | _a(OCoLC)19743293 | ||
| 040 |
_aDLC _cWaU _dDLC |
||
| 042 | _apremarc | ||
| 050 | 0 | 0 |
_aPK2098.12.C5 _bT3 |
| 100 | 1 |
_aAchariya, Nand Kishore, _d1945- |
|
| 245 | 1 | 0 | _aTathāgata. |
| 260 | _c[1966] | ||
| 300 |
_a111 p. _c19 cm. |
||
| 500 | _aIn Hindi. | ||
| 500 | _aA novel. | ||
| 600 | 0 | 0 |
_aGautama Buddha _vFiction. |
| 999 |
_c75586 _d75586 |
||